[Event "3MCR_3DW_1L_1S"]
[Site "?"]
[Date "2009.??.??"]
[Round "?"]
[White "Ryvova, Anna"]
[Black "Popelka, Miloslav"]
[Result "1/2-1/2"]
[WhiteElo "2315"]
[BlackElo "2260"]
[Annotator "103"]
[PlyCount "87"]
[EventDate "2009.??.??"]
[EventType "corr"]
[SourceDate "2002.06.29"]

1. d4 Nf6 2. c4 e6 3. Nc3 Bb4 4. e3 O-O 5. Bd3 d5 6. Nf3 c5 7. O-O dxc4 8. Bxc4
Nbd7 9. Qe2 b6 10. d5 Bxc3 11. dxe6 Ba5 12. exd7 Qxd7 13. Rd1 Qe7 14. e4 Bg4
15. e5 Rae8 16. Bb5 Qxe5 17. Qxe5 Rxe5 18. Nxe5 Bxd1 19. Bg5 Bc2 20. Nc6 a6 21.
Bxa6 Ba4 22. Nxa5 Ra8 23. Bc4 Rxa5 24. a3 h6 25. Bxf6 gxf6 26. f3 Bb5 27. Bd5
Ra7 28. Rd1 Kg7 29. Be4 Rd7 30. Rxd7 Bxd7 31. f4 f5 32. Bc2 Be6 33. Kf2 Kf6 34.
b4 cxb4 35. axb4 Bd5 36. g3 Ke6 37. Ke3 f6 38. Kd4 Bb7 39. Ba4 Bf3 40. Be8 Kd6
41. Bf7 Bc6 42. Kc4 Bf3 43. Kb5 Kc7 44. Bg6 1/2-1/2

[Event "3MCR_3DW_1L_2S"]
[Site "?"]
[Date "2009.??.??"]
[Round "?"]
[White "Postl, Rostislav"]
[Black "Blecha, Miroslav"]
[Result "1/2-1/2"]
[WhiteElo "2297"]
[BlackElo "2298"]
[Annotator "103"]
[PlyCount "142"]
[EventDate "2009.??.??"]
[EventType "corr"]
[SourceDate "2002.06.29"]

1. e4 c5 2. Nf3 d6 3. Nc3 a6 4. d4 cxd4 5. Nxd4 Nf6 6. Be3 e5 7. Nf3 Be7 8. Bc4
O-O 9. O-O Be6 10. Bxe6 fxe6 11. Na4 Ng4 12. Qd3 Nxe3 13. Qxe3 b5 14. Nb6 Ra7
15. Nd5 Rb7 16. Qd2 Qd7 17. Nxe7+ Qxe7 18. h3 Rb6 19. Rfd1 Qc7 20. a4 Nd7 21.
Ne1 Nc5 22. axb5 Nxe4 23. Qe3 d5 24. f3 Ng3 25. bxa6 Nf5 26. Qf2 Rxb2 27. Rdb1
Rxb1 28. Rxb1 Nd4 29. Nd3 Qd6 30. Qe3 Qxa6 31. Qxe5 Nxc2 32. Nc5 Qa7 33. Qxe6+
Kh8 34. Qxd5 Ne3 35. Qd4 Qa2 36. Qb2 Qxb2 37. Rxb2 h6 38. Re2 Rc8 39. Ne6 Nf5
40. Kf2 Rc4 41. g4 Nd4 42. Nxd4 Rxd4 43. Re5 Rd7 44. h4 Kg8 45. h5 Kf7 46. f4
Ra7 47. Re3 Kf6 48. Kf3 Ra1 49. Rc3 Ra6 50. Rc4 Ra3+ 51. Ke4 Ra6 52. Kd5 Ra5+
53. Kd6 Ra6+ 54. Rc6 Ra5 55. Rb6 Kf7 56. Rb7+ Kf6 57. Rb8 Ra6+ 58. Kd5 Ra5+ 59.
Kd4 Ra4+ 60. Ke3 Ra3+ 61. Kf2 Ra2+ 62. Kg3 Ra3+ 63. Kh4 Ra4 64. Rb6+ Kf7 65.
Kg3 Ra3+ 66. Kf2 Ke7 67. Rg6 Kf7 68. Rd6 Ke7 69. Rd2 Kf6 70. Rd7 Rb3 71. Kg2
Ra3 1/2-1/2

[Event "3MCR_3DW_1L_3S"]
[Site "?"]
[Date "2009.??.??"]
[Round "?"]
[White "Schoupal, Patrik"]
[Black "Janocko, Petr"]
[Result "1/2-1/2"]
[WhiteElo "2000"]
[BlackElo "2193"]
[Annotator "100"]
[PlyCount "83"]
[EventDate "2009.??.??"]
[EventType "corr"]
[SourceDate "2002.06.29"]

1. e4 e5 2. Nf3 Nc6 3. Bb5 a6 4. Ba4 Nf6 5. O-O Nxe4 6. d4 b5 7. Bb3 d5 8. dxe5
Be6 9. Nbd2 Nc5 10. c3 Be7 11. Bc2 O-O 12. Nb3 Qd7 13. Nbd4 Nxd4 14. cxd4 Nb7
15. Be3 Rfc8 16. Rc1 Bg4 17. h3 Bh5 18. Qd3 Bg6 19. Qd2 Bxc2 20. Rxc2 a5 21.
Rfc1 a4 22. Qd3 c6 23. Ng5 g6 24. Nf3 b4 25. Bg5 c5 26. dxc5 Nxc5 27. Qd1 b3
28. axb3 Bxg5 29. Nxg5 Nxb3 30. Ne4 Rxc2 31. Rxc2 Qe6 32. Nf6+ Kg7 33. Qxd5
Qxd5 34. Nxd5 Ra5 35. Nb6 h5 36. Kf1 a3 37. bxa3 Rxa3 38. f3 g5 39. Nc4 Ra1+
40. Kf2 Nd4 41. Rd2 Ne6 42. Ne3 1/2-1/2

[Event "3MCR_3DW_1L_3S"]
[Site "?"]
[Date "2009.??.??"]
[Round "?"]
[White "Schoupal, Patrik"]
[Black "Alexa, Jaroslav"]
[Result "1-0"]
[WhiteElo "2000"]
[BlackElo "2325"]
[Annotator "101"]
[PlyCount "81"]
[EventDate "2009.??.??"]
[EventType "corr"]
[SourceDate "2002.06.29"]

1. e4 c5 2. Nf3 Nc6 3. c3 d5 4. exd5 Qxd5 5. Na3 Bg4 6. Be2 Nf6 7. d3 e5 8. Nc4
Be7 9. O-O Bxf3 10. Bxf3 e4 11. Be2 Rd8 12. dxe4 Qxe4 13. Bd2 O-O 14. Re1 a6
15. a4 Qh4 16. g3 Qh3 17. Bf3 Qd7 18. a5 Rfe8 19. Bf4 h6 20. Qxd7 Rxd7 21. h4
Rd3 22. Kg2 Rd7 23. Ra3 Nd5 24. Bd6 Nf6 25. Bxc6 bxc6 26. Rxe7 Rexe7 27. Bxe7
Rxe7 28. Rb3 Re4 29. Rb8+ Kh7 30. b3 Re1 31. Rb6 Rb1 32. Nd6 Nd5 33. Rxa6 Rxb3
34. Rxc6 Rxc3 35. a6 Ra3 36. Nb5 Ra5 37. a7 c4 38. Kf3 c3 39. h5 f5 40. Rc5 Nb6
41. Ke3 1-0

[Event "3MCR_3DW_1L_3S"]
[Site "?"]
[Date "2009.??.??"]
[Round "?"]
[White "Svoboda, Frantisek"]
[Black "Portych, Vaclav"]
[Result "1-0"]
[WhiteElo "2374"]
[BlackElo "2219"]
[Annotator "102"]
[PlyCount "111"]
[EventDate "2009.??.??"]
[EventType "corr"]
[SourceDate "2002.06.29"]

1. c4 e5 2. Nc3 Nc6 3. Nf3 Nf6 4. g3 Bc5 5. Bg2 O-O 6. O-O d6 7. d3 h6 8. a3 a5
9. e3 Bb6 10. b3 Bf5 11. h3 Qd7 12. Kh2 Rae8 13. Bb2 Bh7 14. Qd2 e4 15. Ne1
exd3 16. Nxd3 Ne4 17. Nxe4 Bxe4 18. Bxe4 Rxe4 19. Rad1 f5 20. Nf4 Qf7 21. Nd5
Ba7 22. Nc3 Re6 23. Kg2 Kh7 24. Rc1 Ree8 25. Rfd1 Re7 26. Nd5 Ree8 27. Rb1 Bc5
28. Bc3 Bxa3 29. Bxa5 Rc8 30. Bc3 Bc5 31. Nf4 Ne7 32. Qe2 g5 33. Nh5 Qg6 34. b4
Bb6 35. Rbc1 Ra8 36. c5 dxc5 37. bxc5 Ba5 38. Ba1 Rf7 39. Kg1 b6 40. e4 Qe6 41.
Qf3 Raf8 42. e5 bxc5 43. Nf6+ Kg7 44. Nd7 Bb4 45. Rxc5 g4 46. Qe2 Bxc5 47. Nxc5
Qc6 48. e6+ Kh7 49. Nd7 gxh3 50. f3 Nd5 51. Nxf8+ Rxf8 52. Qe5 Rf6 53. Rxd5
Qxe6 54. Qxc7+ Rf7 55. Qe5 Qxe5 56. Bxe5 1-0

[Event "3MCR_3DW_1L_3S"]
[Site "?"]
[Date "2009.??.??"]
[Round "?"]
[White "Portych, Vaclav"]
[Black "Janocko, Petr"]
[Result "0-1"]
[WhiteElo "2219"]
[BlackElo "2193"]
[Annotator "103"]
[PlyCount "158"]
[EventDate "2009.??.??"]
[EventType "corr"]
[SourceDate "2002.06.29"]

1. c4 e5 2. Nc3 Nc6 3. Nf3 Nf6 4. g3 Bb4 5. Nd5 e4 6. Nh4 Bc5 7. Bg2 d6 8. d3
exd3 9. Qxd3 Ne5 10. Qc3 c6 11. Ne3 Qb6 12. O-O O-O 13. Nhf5 Re8 14. Bd2 a5 15.
Rac1 Qc7 16. h3 g6 17. Nh6+ Kg7 18. g4 Ng8 19. Nxg8 Kxg8 20. Nc2 f5 21. gxf5
Bxf5 22. Be3 Nf7 23. Nd4 Bc8 24. f4 Nh6 25. Bf2 Bxd4 26. Bxd4 Rxe2 27. Rfe1 Re6
28. c5 d5 29. Be5 Qd8 30. a4 Qh4 31. Rf1 Nf5 32. Rf3 Re8 33. Bf6 d4 34. Bxd4
Nxd4 35. Qxd4 Bf5 36. Qc3 Rad8 37. Rcf1 Rd7 38. b4 axb4 39. Qxb4 Re4 40. Qc3
Red4 41. Re1 Be4 42. Rg3 Bxg2 43. Rxg2 Rxf4 44. Re8+ Kf7 45. Qe5 Rf1+ 46. Kh2
Qf4+ 47. Qxf4+ Rxf4 48. Ra8 Ke6 49. Ra7 Rb4 50. a5 Ra4 51. Re2+ Kf5 52. Rf2+
Kg5 53. Rg2+ Kh4 54. Rb2 h5 55. a6 Rxa6 56. Rb4+ Kg5 57. Rxa6 bxa6 58. h4+ Kf5
59. Rb6 Ra7 60. Rxc6 a5 61. Rb6 Ke5 62. Rxg6 a4 63. c6 a3 64. c7 Rxc7 65. Ra6
Rc2+ 66. Kg3 a2 67. Ra4 Kd5 68. Ra8 Kc4 69. Kf4 Kb3 70. Kg5 Rc1 71. Kxh5 a1=Q
72. Rxa1 Rxa1 73. Kg6 Rg1+ 74. Kf6 Rh1 75. Kg5 Kc4 76. h5 Kd5 77. h6 Ke6 78.
Kg6 Rg1+ 79. Kh7 Kf6 0-1

[Event "3MCR_3DW_1L_2S"]
[Site "?"]
[Date "2009.??.??"]
[Round "?"]
[White "Docekal, Ales"]
[Black "Kuchta, Jiri"]
[Result "1/2-1/2"]
[WhiteElo "2108"]
[BlackElo "2162"]
[Annotator "104"]
[PlyCount "106"]
[EventDate "2009.??.??"]
[EventType "corr"]
[SourceDate "2002.06.29"]

1. e4 c5 2. Nf3 d6 3. d4 cxd4 4. Nxd4 Nf6 5. Nc3 a6 6. Be3 e6 7. Be2 Qc7 8. O-O
b5 9. a4 b4 10. Na2 Nxe4 11. c3 b3 12. Qxb3 Be7 13. Bf3 Bb7 14. Qc2 Nf6 15.
Bxb7 Qxb7 16. Nb4 O-O 17. f3 d5 18. Nd3 Bd6 19. Qf2 Nbd7 20. Qh4 Rfc8 21. Rf2
Qc7 22. Rc2 Qc4 23. Rd2 e5 24. Nf5 Qxh4 25. Nxh4 g6 26. g4 Rab8 27. Rad1 Rc4
28. Nf2 Rxa4 29. g5 d4 30. gxf6 dxe3 31. Rxd6 exf2+ 32. Kxf2 Nxf6 33. Rxf6 Rxh4
34. Kg3 Rf4 35. Rxa6 Rxb2 36. Re1 Rf5 37. h4 Kg7 38. Ra5 f6 39. Ra7+ Kh6 40.
Rc7 Rd2 41. Re3 g5 42. Re4 Rd3 43. hxg5+ Kxg5 44. Rg4+ Kh6 45. Rh4+ Kg6 46.
Rg4+ Rg5 47. Rxg5+ Kxg5 48. Kf2 h5 49. Ke2 Rd5 50. Ke3 f5 51. Rc8 Rd1 52. Rg8+
Kh4 53. f4 e4 1/2-1/2

[Event "3MCR_3DW_1L_3S"]
[Site "?"]
[Date "2009.??.??"]
[Round "?"]
[White "Bares, Jiri"]
[Black "Janocko, Petr"]
[Result "1/2-1/2"]
[WhiteElo "2234"]
[BlackElo "2193"]
[Annotator "104"]
[PlyCount "116"]
[EventDate "2009.??.??"]
[EventType "corr"]
[SourceDate "2002.06.29"]

1. d4 Nf6 2. c4 e6 3. Nc3 Bb4 4. Qc2 O-O 5. a3 Bxc3+ 6. Qxc3 b6 7. g3 Bb7 8.
Nf3 d6 9. Bg2 Nbd7 10. O-O a5 11. b3 Qe8 12. Bb2 Ne4 13. Qc2 f5 14. Ne1 e5 15.
e3 Rb8 16. b4 Ng5 17. d5 e4 18. h4 Nf7 19. Bh3 Nfe5 20. f4 Ng4 21. Bxg4 fxg4
22. Qe2 b5 23. cxb5 axb4 24. axb4 Nb6 25. Nc2 h5 26. Nd4 Bxd5 27. Rfc1 Qf7 28.
Ra7 Rb7 29. Rxb7 Bxb7 30. Nc6 Bxc6 31. Rxc6 Nd5 32. Ra6 Qe6 33. Qd2 Rf7 34. Kf2
Kh7 35. Ra7 Re7 36. Bd4 Kg6 37. Qa2 Kf7 38. Qb2 Kg6 39. Ra5 Nb6 40. Qc2 Nd5 41.
Qa2 Kh6 42. Ke1 Nxb4 43. Bxg7+ Kg6 44. Qxe6+ Rxe6 45. f5+ Kxf5 46. b6+ d5 47.
bxc7 Rc6 48. Bf8 Nd3+ 49. Kd2 Rxc7 50. Rxd5+ Ke6 51. Rxh5 Ne5 52. Rh6+ Kf5 53.
Bb4 Rd7+ 54. Ke2 Rd3 55. Ra6 Rb3 56. Bf8 Rb2+ 57. Kd1 Nc4 58. Bc5 Rb1+ 1/2-1/2

[Event "3MCR_3DW_1L_3S"]
[Site "?"]
[Date "2009.??.??"]
[Round "?"]
[White "Schoupal, Patrik"]
[Black "Ryska, Jiri"]
[Result "1-0"]
[WhiteElo "2000"]
[BlackElo "2104"]
[Annotator "105"]
[PlyCount "139"]
[EventDate "2009.??.??"]
[EventType "corr"]
[SourceDate "2002.06.29"]

1. e4 e5 2. Nf3 Nc6 3. Nc3 Nf6 4. Bb5 Bc5 5. O-O O-O 6. d3 d6 7. Na4 Nd4 8.
Nxc5 Nxb5 9. a4 dxc5 10. axb5 Qd6 11. Bd2 Bg4 12. h3 Bh5 13. Bc3 Nd7 14. g4 Bg6
15. Qd2 f6 16. Nh4 a6 17. bxa6 b5 18. b3 b4 19. Bb2 Rxa6 20. Rxa6 Qxa6 21. Ra1
Qb6 22. Qe3 Rb8 23. g5 c4 24. Qxb6 Rxb6 25. Nxg6 hxg6 26. dxc4 Nc5 27. Bc1 Nxe4
28. Ra7 Rc6 29. Be3 Kf7 30. Kf1 Ke6 31. Rb7 Kd7 32. h4 Nd6 33. Rxb4 Nf5 34. Rb8
Nxh4 35. Rg8 Nf5 36. gxf6 Rxf6 37. Bg5 Rf7 38. Ke2 Nd6 39. Rd8+ Ke6 40. Bc1 Ke7
41. Ra8 Ne4 42. Be3 g5 43. Ra1 Kf6 44. Rg1 Rd7 45. Rg2 g6 46. f3 Nc3+ 47. Ke1
Rd1+ 48. Kf2 Rd7 49. Bxg5+ Kf5 50. Bc1 Rd1 51. Be3 Rd7 52. Rg5+ Kf6 53. Rg4
Nd1+ 54. Ke2 Nc3+ 55. Ke1 Rd1+ 56. Kf2 Rd7 57. Rh4 Nd1+ 58. Ke2 Nc3+ 59. Ke1
Rd1+ 60. Kf2 Rd7 61. Rh8 Nd1+ 62. Ke2 Nxe3 63. Kxe3 Ke6 64. Re8+ Kf6 65. c5 g5
66. b4 Rg7 67. b5 g4 68. fxg4 Rxg4 69. Rc8 Rg7 70. c4 1-0

[Event "3MCR_3DW_1L_2S"]
[Site "?"]
[Date "2009.??.??"]
[Round "?"]
[White "Docekal, Ales"]
[Black "Sykora, Josef"]
[Result "1/2-1/2"]
[WhiteElo "2108"]
[BlackElo "2317"]
[Annotator "105"]
[PlyCount "178"]
[EventDate "2009.??.??"]
[EventType "corr"]
[SourceDate "2002.06.29"]

1. d4 d5 2. c4 e6 3. Nc3 c6 4. Nf3 Nf6 5. Bg5 h6 6. Bh4 dxc4 7. e4 g5 8. Bg3 b5
9. Be2 Bb7 10. h4 g4 11. Ne5 h5 12. O-O Nbd7 13. Qc2 Nxe5 14. Bxe5 Bg7 15. Rad1
O-O 16. Bg3 Nd7 17. f3 c5 18. dxc5 Qe7 19. Qd2 Ne5 20. Qd6 Qxd6 21. cxd6 Bc6
22. f4 Nd7 23. e5 a6 24. a4 f6 25. f5 Kf7 26. b3 fxe5 27. axb5 axb5 28. bxc4 b4
29. Nb5 exf5 30. Rxf5+ Bf6 31. Bd3 b3 32. Bb1 Ra4 33. Rc1 b2 34. Rc2 Kg6 35.
Rxb2 e4 36. Rxf6+ Nxf6 37. Ba2 Nd5 38. Nd4 Bd7 39. Nc6 Bxc6 40. cxd5 Bd7 41.
Bb1 Rd4 42. Be5 Rd1+ 43. Kh2 Bf5 44. Rb6 Rxd5 45. Bf4 Rd8 46. Rb7 Ra5 47. Re7
Ra4 48. Bc2 Rb4 49. Bd1 Rd7 50. Re8 Ra7 51. Rg8+ Kf6 52. Rf8+ Ke6 53. Re8+ Kf7
54. Re5 Kg6 55. Bc2 Ra3 56. Rc5 Rd4 57. Rc6 Ra5 58. Bg3 Rad5 59. Bb3 Rb5 60.
Bc4 Ra5 61. Rc7 Bd7 62. Bg8 Ra8 63. Bb3 Rb8 64. Bc4 Rc8 65. Ba6 Rd8 66. Rc5 Bf5
67. Be5 Rd2 68. Bf4 e3 69. Kg3 Ra8 70. Bb5 Rb2 71. Re5 e2 72. Bxe2 Ra4 73. Re3
Re4 74. Ba6 Rxe3+ 75. Bxe3 Rb3 76. Kf2 Be6 77. g3 Kf5 78. Bf1 Rb2+ 79. Ke1 Ke5
80. Bf4+ Kd4 81. Bg5 Rb6 82. Bf4 Bd7 83. Kf2 Rb2+ 84. Kg1 Rb3 85. Bg2 Rb4 86.
Bg5 Rb6 87. Bf4 Rb2 88. Bf1 Bc6 89. Bg5 Ra2 1/2-1/2

[Event "3MCR_3DW_1L_1S"]
[Site "?"]
[Date "2009.??.??"]
[Round "?"]
[White "Popelka, Miloslav"]
[Black "Kaas, Jaroslav"]
[Result "1/2-1/2"]
[WhiteElo "2260"]
[BlackElo "1800"]
[Annotator "104"]
[PlyCount "148"]
[EventDate "2009.??.??"]
[EventType "corr"]
[SourceDate "2002.06.29"]

1. e4 c5 2. Nf3 e6 3. d4 cxd4 4. Nxd4 Nf6 5. Nc3 d6 6. g4 h6 7. h3 Nc6 8. Be3
a6 9. Bg2 Be7 10. f4 Nd7 11. Qd2 Nxd4 12. Bxd4 e5 13. Be3 exf4 14. Bxf4 Ne5 15.
O-O-O Be6 16. Nd5 Bxd5 17. Qxd5 Bg5 18. Bxg5 Qxg5+ 19. Kb1 O-O-O 20. a3 Qe3 21.
Rhe1 Qb6 22. Rd2 Rd7 23. Red1 Re8 24. Ka2 Re6 25. Rf1 Rde7 26. c3 Kc7 27. Rd4
Kb8 28. Rd2 Qc6 29. Qd4 Rc7 30. Rdd1 Qc4+ 31. Qxc4 Rxc4 32. Rd4 Rc8 33. a4 Kc7
34. b4 Rh8 35. Rf5 g6 36. Rf4 h5 37. Bf3 Kd8 38. gxh5 gxh5 39. Kb3 Ke7 40. h4
Rg6 41. Rd2 b6 42. Bd1 a5 43. Rff2 axb4 44. cxb4 Rg3+ 45. Ka2 Ra8 46. Rf5 Rag8
47. Rc2 Re3 48. Rxh5 Rxe4 49. Kb3 Re1 50. Rc7+ Ke6 51. Bc2 d5 52. Rg5 Rb8 53.
Rc3 d4 54. Rcg3 Rd8 55. Rg8 Rd6 56. h5 Ke7 57. Bd3 Rh1 58. Rh8 Rh2 59. a5 bxa5
60. bxa5 Rc6 61. Be4 Rc5 62. Kb4 Rc4+ 63. Kb3 Re2 64. a6 Rc7 65. Bg2 Rcc2 66.
Bf1 Rb2+ 67. Ka4 Re4 68. Ka3 Rb1 69. Bd3 Nxd3 70. Rxd3 Ra1+ 71. Kb4 Rxa6 72.
Kc4 Rh4 73. Kb5 Ra7 74. h6 Rc7 1/2-1/2

[Event "3MCR_3DW_1L_1S"]
[Site "?"]
[Date "2009.??.??"]
[Round "?"]
[White "Jandovsky, Viktor"]
[Black "Popelka, Miloslav"]
[Result "1-0"]
[WhiteElo "2285"]
[BlackElo "2260"]
[Annotator "105"]
[PlyCount "137"]
[EventDate "2009.??.??"]
[EventType "corr"]
[SourceDate "2002.06.29"]

1. e4 e5 2. Nf3 Nc6 3. Bb5 a6 4. Ba4 Nf6 5. O-O Be7 6. Re1 b5 7. Bb3 O-O 8. c3
d6 9. h3 Nb8 10. d4 Nbd7 11. Nbd2 Bb7 12. Bc2 Re8 13. Nf1 Bf8 14. Ng3 g6 15. b3
Bg7 16. d5 Qe7 17. c4 c6 18. Be3 Rec8 19. Qd2 Rc7 20. Rec1 Rac8 21. a4 bxc4 22.
bxc4 cxd5 23. cxd5 Nc5 24. Rab1 Qd7 25. a5 Qe7 26. Rb4 Nfd7 27. Rcb1 Qf8 28.
Bd3 Qe7 29. Bc4 Qd8 30. Qa2 Ba8 31. Ne1 h5 32. Nd3 h4 33. Ne2 Kh7 34. Nxc5 Nxc5
35. Rb6 Ra7 36. Bxc5 Rxc5 37. Nc1 Qc8 38. R1b4 Rcc7 39. Qe2 Bf6 40. Nb3 Bb7 41.
Bd3 Kg7 42. Nd2 Rc1+ 43. Kh2 Bd8 44. Nc4 Bxb6 45. Rxb6 Rxc4 46. Bxc4 Qc5 47. f4
Qxa5 48. Rxd6 Qc3 49. Rd7 Bxd5 50. Rxd5 exf4 51. Bd3 Qf6 52. Qg4 Re7 53. Qg5
Qxg5 54. Rxg5 f6 55. Ra5 Rc7 56. Rxa6 Rd7 57. Ra3 Rb7 58. Ra2 Rd7 59. Rd2 Ra7
60. Kg1 Ra3 61. Kf2 Kh6 62. Be2 Re3 63. Bf3 Rc3 64. Rd6 Kg7 65. Be2 Re3 66. Re6
Kf7 67. Bc4 Kg7 68. Bd5 Rc3 69. e5 1-0